| 000 | 01112cab a2200289 4500 | ||
|---|---|---|---|
| 001 | ABS56621 | ||
| 008 | 090401t1997 xxu||||| |||| 00| 0 eng d | ||
| 035 | _a(Sirsi) u24884 | ||
| 041 | _aeng | ||
| 100 | _aDuxbury, R. | ||
| 245 | _aMaterially affecting the external appearance | ||
| 260 | _c1997 | ||
| 350 | _a0 | ||
| 490 |
_aJournal of Planning and Environment Law _vFebruary 1997, 107-110(4) |
||
| 520 | _aConsiders whether planning permission is required for a structural alteration to a building which is not visible from normal vantage points. Outlines the statutory provisions and discusses the decision in "Burroughs Day v Bristol City" which supports the view that planning permission is not required. | ||
| 650 | _aBUILDING DEVELOPMENT | ||
| 650 | _aBURROUGHS DAY V BRISTOL CC | ||
| 650 | _aEXTERNAL APPEARANCE | ||
| 650 | _aMATERIAL CONSIDERATIONS | ||
| 650 | _aPLANNING PERMISSION | ||
| 650 | _aSTRUCTURAL ALTERATIONS | ||
| 650 | _aTOWN AND COUNTRY PLANNING ACT 1990 S55(2) | ||
| 650 | _aVISIBILITY | ||
| 690 | _aPLANNING LAW AND PRACTICE | ||
| 942 | _n0 | ||
| 948 | _c04/03/1997 | ||
| 999 |
_c16692 _d16692 |
||